Sports Quiz

Random Sports Quiz

Badminton Winners Quiz Stats

 Plays Quiz not verified by Sporcle

Challenge
Share
Tweet
Embed
Score 0/21 Timer 06:00
0 Plays Today
Year Rider % Correct
2000Mary King
92.2%
2011Mark Todd
89.1%
2004William Fox-Pitt
89.1%
1996Mark Todd
89.1%
1994Mark Todd
89.1%
2005Pippa Funnell
78.1%
2003Pippa Funnell
78.1%
2002Pippa Funnell
78.1%
2009Oliver Townend
65.6%
2010Paul Tapner
59.4%
2006Andrew Hoy
43.8%
Year Rider % Correct
2008Nicolas Touzaint
37.5%
1999Ian Stark
37.5%
1993Ginny Leng
37.5%
2007Lucinda Fredericks
35.9%
1995Bruce Davidson
31.3%
1992Mary Thomson
28.1%
1997David O'Connor
23.4%
1991Rodney Powell
23.4%
1998Christopher Bartle
20.3%
1990Nicola McIrvine
12.5%

You're not logged in!

Compare scores with friends on all Sporcle quizzes.
Join for Free
OR
Log In

You Might Also Like...

Show Comments

Extras

Created May 14, 2011ReportNominate
Tags:event, horse

Top Quizzes Today


Score Distribution

Your Account Isn't Verified!

In order to create a playlist on Sporcle, you need to verify the email address you used during registration. Go to your Sporcle Settings to finish the process.

Report this User

Report this user for behavior that violates our Community Guidelines.

Details: